Norwich City Played For Their Country – Sudden Death - Statistics

General Stats
  • This quiz has been taken 13 times
  • The average score is 9 of 35
Answers on the Grid
Answers color-coded by a green-red scale on the quiz's grid according to % correct below.
Emiliano Buendía
Sammy Clingan
Jürgen Colin
Andrew Crofts
Graham Dorrans
Mitchell Dijks
Josip Drmić
Shane Duffy
Robert Earnshaw
Johan Elmander
Christian Fassnacht
Leroy Fer
Mark Fotheringham
Robert Green
Grant Hanley
Onel Hernández
Wes Hoolahan
Stephen Hughes
Adam Idah
Simeon Jackson
Timm Klose
Tim Krul
Simon Lappin
Jamal Lewis
Malky Mackay
James Maddison
Chris Martin
Russell Martin
Kenny McLean
Paul McVeigh
Steve Morison
Nélson Oliveira
Martin Olsson
Anthony Pilkington
Przemysław Płacheta
Teemu Pukki
Nathan Redmond
John Ruddy
Gabriel Sara
Danel Sinani
Robert Snodgrass
Jacob Sørensen
Alex Tettey
Owain Tudur Jones
Sydney van Hooijdonk
Ricky van Wolfswinkel
Mario Vrančić
Marley Watkins
Zak Whitbread
Steven Whittaker
 
Answer Stats
Answer % Correct
Ireland – 22 caps Adam Idah
56%
Scotland – 2 caps Graham Dorrans
56%
Scotland – 32 caps Grant Hanley
56%
Netherlands – 7 caps Tim Krul
56%
Scotland – 47* caps Kenny McLean
44%
Cuba – 15 caps Onel Hernández
44%
Ireland – 6 caps Shane Duffy
44%
N. Ireland – 13 caps Jamal Lewis
33%
Sweden – 8 caps Johan Elmander
33%
Scotland – 29 caps Russell Martin
33%
N. Ireland – 6 caps Sammy Clingan
33%
Canada – 24 caps Simeon Jackson
33%
Finland – 48 caps Teemu Pukki
33%
Switzerland – 5 caps Timm Klose
33%
Ireland – 42 caps Wes Hoolahan
33%
Luxembourg – 8 caps Danel Sinani
22%
Switzerland – 1 cap Josip Drmić
22%
Netherlands – 5 caps Leroy Fer
22%
Scotland – 5 caps Malky Mackay
22%
N. Ireland – 19 caps Paul McVeigh
22%
Poland – 7 caps Przemysław Płacheta
22%
Wales – 10 caps Robert Earnshaw
22%
England – 1 cap Robert Green
22%
Scotland – 16 caps Steven Whittaker
22%
Norway – 20 caps Alex Tettey
11%
Wales – 10 caps Andrew Crofts
11%
England – 1 cap John Ruddy
11%
Sweden – 25 caps Martin Olsson
11%
Portugal – 1 cap Nélson Oliveira
11%
Wales – 2 caps Owain Tudur Jones
11%
Scotland – 10 caps Robert Snodgrass
11%
Wales – 13 caps Steve Morison
11%
Ireland – 6 caps Anthony Pilkington
0%
Wales – 2 caps Marley Watkins
0%
Scotland – 1 cap Stephen Hughes
0%
No matching quizzes found
Score Distribution
Percent of People with Each Score
Percentile by Number Answered
Your Score History
You have not taken this quiz